British History True or False #2 - Statistics

General Stats
  • This quiz has been taken 16,530 times
  • The average score is 11 of 15
Answer Stats
Question Answer % Correct
The Duke of Wellington was born in Wellington, New Zealand False
92%
The ancient Romans founded several cities in Great Britain True
89%
Nigeria was once part of the British Empire True
87%
Anne Boleyn was executed True
84%
During the Middle Ages, Great Britain was so cold that polar bears occasionally wandered into London False
82%
Edward VIII abdicated the throne in order to marry an American divorcée True
80%
Germany bombed the United Kingdom during WWII but only killed 4 people False
79%
Sherwood Forest never existed in real life False
73%
Isaac Newton taught at the University of Cambridge True
71%
Canterbury became a religious pilgrimage site after the murder of Thomas Beckett True
69%
Oliver Cromwell was Catholic False
63%
The Peaky Blinders gang was based in the city of Liverpool False
62%
The Venerable Bede was a monk who wrote a history of England True
62%
George III went mad at age 30 and died just three years later False
51%
The first person to swim across the English Channel was a woman False
44%
No matching quizzes found
Score Distribution
Percent of People with Each Score
Percentile by Number Answered
Your Score History
You have not taken this quiz